L'alphabet en 15 secondes - Statistiques

Statistiques générales
  • Ce quiz a été pris 7 147 fois
  • Le résultat moyen est 22 sur 26
Statistiques - réponses
Hint Réponse % Correct
lettres A
99%
E
96%
B
94%
D
94%
C
93%
F
91%
G
90%
H
90%
I
90%
J
88%
K
87%
L
86%
O
86%
M
85%
R
85%
P
84%
Q
83%
N
82%
T
82%
S
81%
U
80%
V
77%
Z
76%
W
75%
Y
75%
X
73%
Aucun quiz correspondant
Distribution des résultats
% des personnes avec chaque résultat
Percentile par nombre de réponses
Votre historique - résultats
Vous n’avez pas pris ce quiz